[Event "European Blitz-ch 2018"]
[Site "Skopje"]
[Date "2018.12.06"]
[Round "10"]
[White "Bizopoulos, Alexandros"]
[Black "Markoja, Boris"]
[Result "0-1"]
[WhiteElo "2060"]
[BlackElo "2430"]
[Annotator "TA"]
[PlyCount "89"]
[EventDate "2018.12.06"]
[EventType "swiss"]
[EventCountry "MKD"]

{[%evp 17,89,5,13,-24,0,-3,-3,-104,-77,-126,-95,-103,-91,-105,-110,-111,-102,-95,-94,-85,-115,-218,-216,-638,-633,-675,-374,-356,-231,-249,-227,-313,-317,-299,-254,-256,-255,-823,-639,-573,-222,-214,-188,-193,-181,-239,-239,-222,-226,-233,-229,-495,-275,-494,-464,-466,-472,-787,-490,-909,-494,-535,-494,-497,-492,-453,-422,-555,-550,-590,-580,-575,-564,-29992]} 1. d4 Nf6 2. Nf3 e6 3. g3 c5 4. Bg2 cxd4 5. Nxd4 d5 6. O-O e5 7. Nb3 Be6 8. Nc3 Be7 {D02: 1 d4 d5 2 Nf3 sidelines, including 2...Nf6 3 g3 and 2...Nf6 3 Bf4} 9. Bg5 Nbd7 {LiveBook: 41 Games} 10. Re1 $146 ({Predecessor:} 10. Qd3 O-O 11. e3 Rc8 12. Rfd1 e4 13. Qb5 Qc7 14. Bf4 Qb6 15. Nd4 Bg4 {½-½ (67) Dominguez Perez,L (2732)-Navara,D (2734) Huaian 2016}) 10... O-O {Black has an edge.} 11. e4 d4 12. Nb1 (12. Nd5 $11) 12... a5 (12... Qb6 {feels hotter.} 13. c3 h6 14. Bc1 Rfd8 15. cxd4 exd4 16. Na3 Ne5) 13. a4 h6 14. Bxf6 Bxf6 15. Nc1 Rc8 16. Nd3 Qc7 17. c3 Nc5 18. Nxc5 Qxc5 19. Na3 (19. Bf1 $17) 19... dxc3 $19 20. Rc1 $2 {[#]} (20. bxc3 Qxc3 21. Nb5) 20... Qb4 21. Nc2 Qxa4 22. Ra1 Qb5 23. bxc3 Rxc3 {[#] And now ...Rd8 would win.} 24. Bf1 Qc5 25. Ne3 Rd8 26. Qa4 b6 27. Reb1 $2 (27. Nd5 Bxd5 28. exd5) 27... Bg5 28. Rb5 Qd4 $2 (28... Bxe3 29. Rxc5 Bxc5) 29. Qxd4 exd4 30. Nd5 Bxd5 31. Rxd5 (31. exd5 {is a better defense.} Rd6 32. f4) 31... Rxd5 32. exd5 {[%mdl 4096] Endgame KRB-KRB} Be7 33. Rd1 Bc5 34. Re1 $2 (34. d6 Bxd6 35. Rxd4) 34... Kf8 (34... a4 $142 35. Re8+ Kh7) 35. Bh3 $2 (35. Bb5 g6 36. Kf1) 35... g6 {Black is clearly winning.} 36. Bd7 d3 {[%cal Bd4d3,Bd3d2][%mdl 32] Threatens to win with ...d2.} 37. Ba4 (37. Rd1 $142 Rc2 38. Rxd3) 37... d2 38. Rd1 (38. Re8+ $142 Kg7 39. Kf1) 38... Rd3 39. Bc6 Ke7 40. Kf1 Bb4 41. Ke2 Ra3 42. f4 Kd6 43. Rb1 Rc3 44. Rd1 Rc1 45. Rf1 {Accuracy: White = 25%, Black = 41%.} 0-1